书目信息 |
| 题名: |
乡村医生李春燕
|
|
| 作者: | 李春燕 口述 ;黎光寿 撰文 | |
| 分册: | ||
| 出版信息: | 北京 人民出版社 2006.09 |
|
| 页数: | 155页 | |
| 开本: | 21cm | |
| 丛书名: | ||
| 单 册: | ||
| 中图分类: | K826.2 | |
| 科图分类: | ||
| 主题词: | ||
| 电子资源: | ||
| ISBN: | 7-01-005747-8 | |
| 000 | 01011nam0 2200229 450 | |
| 001 | 012007034803 | |
| 005 | 20071008110218.95 | |
| 010 | @a7-01-005747-8@dCNY15.00 | |
| 100 | @a20070726d2006 km y0chiy0120 ea | |
| 101 | 0 | @achi |
| 102 | @aCN@b110000 | |
| 105 | @aa z 000ya | |
| 200 | 1 | @a乡村医生李春燕@Axiang cun yi sheng li chun yan@f李春燕口述@Fli chun yan kou shu@g黎光寿撰文@Gli guang shou zhuan wen |
| 210 | @a北京@c人民出版社@d2006.09 | |
| 215 | @a155页@c图@d21cm | |
| 330 | @a本书记述了贵州偏远山区乡村医生李春燕热心为群众提供医疗服务的生平事迹。李春燕是2005年“感动中国”十大人物之一,在她获得中央电视台2005年“感动中国”十大人物奖之后,贵州省组成了李春燕事迹报告团作巡回报告,笔者作为首期报告团成员之一,一一采访了报告团的其他三位成员——村民潘红正、大塘村干王世言和李春燕的丈夫孟凡斌。他们告诉 | |
| 600 | 0 | @a李春燕@Ali chun yan@x生平事迹 |
| 690 | @aK826.2@v4 | |
| 701 | 0 | @a李春燕@Ali chun yan@4口述 |
| 702 | 0 | @a黎光寿@Ali guang shou@4撰文 |
| 801 | 0 | @aCN@c20071008 |
| 905 | @dK826.2@eL138 | |
| 乡村医生李春燕/李春燕口述/黎光寿撰文.-北京:人民出版社,2006.09 |
| 155页:图;21cm |
| ISBN 7-01-005747-8:CNY15.00 |
| 本书记述了贵州偏远山区乡村医生李春燕热心为群众提供医疗服务的生平事迹。李春燕是2005年“感动中国”十大人物之一,在她获得中央电视台2005年“感动中国”十大人物奖之后,贵州省组成了李春燕事迹报告团作巡回报告,笔者作为首期报告团成员之一,一一采访了报告团的其他三位成员——村民潘红正、大塘村干王世言和李春燕的丈夫孟凡斌。他们告诉 |
| ● |
| 相关链接 |
|
|
|
正题名:乡村医生李春燕
索取号:K826.2/L138
 
预约/预借
| 序号 | 登录号 | 条形码 | 馆藏地/架位号 | 状态 | 备注 |
| 1 | 250253 | 202502531 | 社科库309/309社科库 55排7列5层/ [索取号:K826.2/L138] | 在馆 | |
| 2 | 250254 | 202502540 | 社科库309/309社科库 55排7列5层/ [索取号:K826.2/L138] | 在馆 |